Представление документа в формате MARC21

Поле Инд. ПП Название Значение
Тип записи a
Библиографический уровень m
001 Контрольный номер 21a5e51472b64ee8ab1e4c3a3ec4931b
005 Дата корректировки 20250707130812.9
008 Кодируемые данные 250707s2024 ru |||||||||||000|||rus|d
020 a ISBN 978-5-04-188943-2
040 a Служба первич. каталог. ЦГБ г. В. Луки
b Код языка каталог. rus
041 0_ a Код языка текста rus
084 2 Источник индекса rubbk
a Индекс другой классификации/Индекс ББК 63.3(0)
090 x Авторский знак С 77
j Имя библиотеки ЦГБ г. В. Луки
097 b Оператор САВ
100 1_ a Автор Стариков Николай Викторович
245 10 a Заглавие Террор. Кому и зачем он нужен
b Продолж. заглавия 16+
c Ответственность Николай Стариков
260 a Место издания Москва
b Издательство Эксмо
c Дата издания 2024
300 a Объем 314, [4] с.
490 00 a Заглавие серии Николай Стариков. Больше, чем публицистика
650 14 a Основная рубрика Терроризм международный
653 1_ a Ключевые слова терроризм
901 t Тип документа m